| 000 | 01245nam1a22003011 4500 | ||
|---|---|---|---|
| 001 | v19\rc\1919712 | ||
| 005 | 20251118180637.4 | ||
| 035 | _a(NLR Aleph) 005006749 | ||
| 090 |
_a6444150 _c6444150 |
||
| 100 | _a20251123 rusy50 | ||
| 101 | 0 | _arus | |
| 102 | _aRU | ||
| 105 | _ay z ||||| | ||
| 200 | 1 | _aОтчет прихода и расхода сумм Тамбовского отдела Всероссийской лиги для борьбы с туберкулезом... | |
| 210 |
_aТамбов _d1912]-1915] |
||
| 215 | _d24 | ||
| 300 | _aС изд. 1915 г. загл.: Отчет Правления... | ||
| 517 | 0 | _aОтчет расхода сумм Тамбовского отдела Всероссийской лиги для борьбы с туберкулезом | |
| 517 | 0 | _aОтчет Правления | |
| 710 | 0 | 2 |
_aВсероссийская лига для борьбы с туберкулезом _bТамбовский отдел |
| 801 | 0 |
_aRU _bNLR _gpsbo |
|
| 801 | 0 |
_aRU _bRuMoRGB _2psbo |
|
| 801 | 1 |
_aRU _bProSoft-M _2rusmarc |
|
| 852 |
_aNLR _jШифры разные _y(1912-1914) |
||
| 899 |
_aRuMoRGB _jU 70/544 _y(1912-1914) |
||
| 899 |
_aБАН _y(1912-1914) |
||
| 942 | _cBOOK | ||
| 980 | _aNB | ||